000 00656nam a2200157Ia 4500
008 090124s9999 xx 000 0 und d
082 _b41583
245 _a निरंतर ध्यास (साहेबराव पिरोजशा गोदरेज
250 _a1
260 _bअमेय प्रकाशन
_c2002
300 _a402
630 _a निरंतर ध्यास (साहेबराव पिरोजशा गोदरेज
700 _aदामले मंजिरी
730 _a निरंतर ध्यास (साहेबराव पिरोजशा गोदरेज
942 _cBOOK
999 _c107766
_d107766